[Event "Biella op-A 7th"]
[Site "Biella"]
[Date "2016.09.24"]
[Round "3.8"]
[White "Di Fonzo, Valerio"]
[Black "Sgnaolin, Davide"]
[Result "1/2-1/2"]
[WhiteElo "2122"]
[BlackElo "2249"]
[PlyCount "31"]
[EventDate "2016.09.23"]
[EventType "swiss"]
[EventRounds "5"]
[EventCountry "ITA"]
[SourceTitle "EXT 2024"]
[Source "ChessBase"]
[SourceDate "2023.10.10"]
[SourceVersion "1"]
[SourceVersionDate "2023.10.10"]
[SourceQuality "1"]

1. e4 c5 2. Nf3 Nc6 3. Bb5 g6 4. Bxc6 dxc6 5. d3 Bg7 6. h3 Nf6 7. Nc3 Nd7 8. Be3 e5 9. Qd2 h6 10. Na4 b6 11. a3 Qe7 12. b4 f5 13. Qc3 0-0 14. Qb3+ Kh7 15. Nc3 a5 16. b5 1/2-1/2

[Event "Salento op 3rd"]
[Site "Gallipoli"]
[Date "2014.05.22"]
[Round "7"]
[White "Longson, Sarah N"]
[Black "Di Fonzo, Valerio"]
[Result "0-1"]
[WhiteElo "2100"]
[BlackElo "2156"]
[PlyCount "42"]
[EventDate "2014.05.17"]
[EventType "swiss"]
[EventRounds "9"]
[EventCountry "ITA"]
[SourceTitle "CBM 160 Extra"]
[Source "ChessBase"]
[SourceDate "2014.07.01"]
[SourceVersion "1"]
[SourceVersionDate "2014.07.01"]
[SourceQuality "1"]

1. e4 e5 2. Nf3 Nc6 3. Bc4 Bc5 4. c3 Nf6 5. d3 d6 6. Bb3 a6 7. h3 Ba7 8. Nbd2 0-0 9. Nf1 Ne7 10. g4 Be6 11. Bc2 Nd7 12. d4 exd4 13. cxd4 d5 14. e5 f6 15. exf6 Nxf6 16. Ng5 Qd7 17. Qd3 g6 18. Be3 Nc6 19. a3 Ne4 20. Nxe6 Qxe6 21. Nd2 Nxf2 0-1

[Event "Salento op 3rd"]
[Site "Gallipoli"]
[Date "2014.05.17"]
[Round "1"]
[White "Di Fonzo, Valerio"]
[Black "Livesey, R Nigel"]
[Result "1-0"]
[WhiteElo "2156"]
[BlackElo "1898"]
[PlyCount "43"]
[EventDate "2014.05.17"]
[EventType "swiss"]
[EventRounds "9"]
[EventCountry "ITA"]
[SourceTitle "CBM 160 Extra"]
[Source "ChessBase"]
[SourceDate "2014.07.01"]
[SourceVersion "1"]
[SourceVersionDate "2014.07.01"]
[SourceQuality "1"]

1. e4 e6 2. d4 d5 3. Nc3 Bb4 4. e5 c5 5. Bd2 a6 6. a3 Bxc3 7. Bxc3 Nc6 8. Qg4 Nge7 9. dxc5 d4 10. 0-0-0 Qc7 11. Bxd4 Nxd4 12. Qxd4 Nf5 13. Qc3 b6 14. c6 Ne7 15. Nf3 Nd5 16. Qc4 a5 17. Qa4 0-0 18. Bb5 Rd8 19. g3 Ba6 20. Bxa6 Rxa6 21. c4 b5 22. cxb5 1-0

[Event "Lugano New op 8th"]
[Site "Lugano"]
[Date "2014.04.19"]
[Round "3"]
[White "Mantovani, Renzo"]
[Black "Di Fonzo, Valerio"]
[Result "1-0"]
[WhiteElo "2354"]
[BlackElo "2145"]
[PlyCount "109"]
[EventDate "2014.04.18"]
[EventType "swiss"]
[EventRounds "6"]
[EventCountry "SUI"]
[SourceTitle "CBM 159 Extra"]
[Source "ChessBase"]
[SourceDate "2014.04.24"]
[SourceVersion "1"]
[SourceVersionDate "2014.04.24"]
[SourceQuality "1"]

1. g3 e5 2. Bg2 Nc6 3. c4 g6 4. Nc3 Bg7 5. d3 d6 6. Rb1 a5 7. a3 Nf6 8. b4 axb4 9. axb4 0-0 10. Nf3 Re8 11. b5 Nd4 12. 0-0 Nxf3+ 13. Bxf3 h6 14. Bg2 Nd7 15. Be3 f5 16. Qc2 Nf6 17. Ra1 Rxa1 18. Rxa1 e4 19. Ra8 Ng4 20. Ba7 Qf6 21. h3 Qxc3 22. Qxc3 Bxc3 23. hxg4 Kf7 24. gxf5 gxf5 25. Be3 Bg7 26. dxe4 fxe4 27. Bxe4 Rxe4 28. Rxc8 Rxc4 29. b6 c5 30. Rc7+ Kg6 31. Rxb7 Rb4 32. Bf4 Be5 33. Bxe5 dxe5 34. Rc7 Rxb6 35. Rxc5 Kf6 36. Kg2 Rb2 37. Kf3 h5 38. Rc6+ Kf5 39. e4+ Kg5 40. Re6 Rb5 41. Re8 Kg6 42. Kg2 Ra5 43. Re6+ Kg5 44. Rxe5+ Rxe5 45. f4+ Kf6 46. fxe5+ Kxe5 47. Kf3 Ke6 48. Kf4 Kf6 49. e5+ Ke6 50. Ke4 Ke7 51. Kf5 Kf7 52. Kg5 Ke6 53. Kxh5 Kxe5 54. Kg6 Ke6 55. g4 1-0

[Event "Vienna Husek op-A"]
[Site "Vienna"]
[Date "2012.08.19"]
[Round "7"]
[White "Di Fonzo, Valerio"]
[Black "Beckhuis, Gernod"]
[Result "1/2-1/2"]
[WhiteElo "2137"]
[BlackElo "2288"]
[PlyCount "132"]
[EventDate "2012.08.13"]
[EventType "swiss"]
[EventRounds "7"]
[EventCountry "AUT"]
[SourceTitle "CBM 149 Extra"]
[Source "ChessBase"]
[SourceDate "2012.08.24"]
[SourceVersion "1"]
[SourceVersionDate "2012.08.24"]
[SourceQuality "1"]

1. e4 e6 2. d4 d5 3. Nc3 Nf6 4. Bg5 dxe4 5. Nxe4 Be7 6. Nxf6+ Bxf6 7. Bxf6 Qxf6 8. Nf3 0-0 9. Bd3 c5 10. 0-0 cxd4 11. Nxd4 Rd8 12. Nf3 Nc6 13. c3 e5 14. Qc2 g6 15. Rad1 Bg4 16. Be4 Qf4 17. Bd5 Nd4 18. Bxf7+ Qxf7 19. cxd4 Bxf3 20. gxf3 exd4 21. Qe4 Qg7 22. Qe6+ Kh8 23. Rfe1 Rf8 24. Rd3 Rf4 25. Qd6 Raf8 26. Re7 Qf6 27. Qxf6+ R8xf6 28. Rxb7 Ra6 29. a3 Rb6 30. Rxa7 Rxb2 31. Rd7 Kg8 32. R7xd4 Rxd4 33. Rxd4 Rb3 34. a4 Rxf3 35. Rd7 Ra3 36. Ra7 h5 37. Kg2 Kf8 38. h4 Rb3 39. f3 Rb4 40. Kg3 Kg8 41. a5 Ra4 42. a6 Kh8 43. Kf2 Kg8 44. Ke3 Kf8 45. Kd3 Ke8 46. Kc3 Kd8 47. Kb3 Ra1 48. Kb4 Kc8 49. Kb5 Rb1+ 50. Kc6 Rc1+ 51. Kd6 Kb8 52. Rb7+ Ka8 53. Rc7 Ra1 54. Rc6 Ra4 55. Ke5 Rxh4 56. Rxg6 Ka7 57. f4 Rh1 58. f5 h4 59. Rh6 h3 60. f6 h2 61. f7 Re1+ 62. Kd5 Rd1+ 63. Ke4 Re1+ 64. Kd3 Rf1 65. Rh7 Kxa6 66. Rxh2 Rxf7 1/2-1/2

[Event "Lugano op 4th"]
[Site "Lugano"]
[Date "2010.04.05"]
[Round "6"]
[White "Todorovic, Jovan"]
[Black "Di Fonzo, Valerio"]
[Result "1/2-1/2"]
[WhiteElo "2419"]
[BlackElo "2197"]
[PlyCount "71"]
[EventDate "2010.04.02"]
[EventType "swiss"]
[EventRounds "6"]
[EventCountry "SUI"]
[SourceTitle "EXT 2024"]
[Source "ChessBase"]
[SourceDate "2023.10.10"]
[SourceVersion "1"]
[SourceVersionDate "2023.10.10"]
[SourceQuality "1"]

1. e4 e5 2. Nf3 Nc6 3. Bb5 a6 4. Ba4 Nf6 5. 0-0 Nxe4 6. d4 b5 7. Bb3 d5 8. dxe5 Be6 9. Be3 Nc5 10. c3 Nxb3 11. axb3 Be7 12. Qd3 0-0 13. Re1 Qd7 14. Nbd2 Bf5 15. Qf1 Rfb8 16. b4 a5 17. bxa5 Nxa5 18. b4 Nc4 19. Ba7 Nxd2 20. Nxd2 Rb7 21. Bd4 Ra4 22. Nb3 Bc2 23. Nc5 Bxc5 24. Bxc5 Qf5 25. Qe2 Bd3 26. Qe3 Rb8 27. Rad1 Bc4 28. h3 h5 29. Rd4 Re8 30. Rd2 Re6 31. Bd4 Rea6 32. Kh2 Ra1 33. Rdd1 R1a2 34. Rd2 Ra1 35. Rdd1 R1a2 36. Rd2 1/2-1/2

[Event "Lugano op 4th"]
[Site "Lugano"]
[Date "2010.04.04"]
[Round "4"]
[White "Medici, Simone"]
[Black "Di Fonzo, Valerio"]
[Result "0-1"]
[WhiteElo "1949"]
[BlackElo "2197"]
[PlyCount "116"]
[EventDate "2010.04.02"]
[EventType "swiss"]
[EventRounds "6"]
[EventCountry "SUI"]
[SourceTitle "EXT 2024"]
[Source "ChessBase"]
[SourceDate "2023.10.10"]
[SourceVersion "1"]
[SourceVersionDate "2023.10.10"]
[SourceQuality "1"]

1. d4 Nf6 2. c4 g6 3. Nf3 Bg7 4. Nc3 d5 5. e3 0-0 6. Bd3 c5 7. 0-0 cxd4 8. exd4 Nc6 9. Be3 Nb4 10. Be2 dxc4 11. Bxc4 Nbd5 12. Qb3 Nb6 13. Bd3 Be6 14. Qd1 Bc4 15. Rc1 Rc8 16. b3 Bxd3 17. Qxd3 Nfd5 18. Ne4 Nxe3 19. fxe3 Rxc1 20. Rxc1 e5 21. Nc5 exd4 22. exd4 Qd5 23. Qe4 Rc8 24. Qxd5 Nxd5 25. Nd3 Rxc1+ 26. Nxc1 Nc3 27. a4 Kf8 28. Kf2 Ke7 29. Ne2 Ne4+ 30. Ke3 f5 31. Kd3 Kd6 32. Nc3 Nxc3 33. Kxc3 Kd5 34. Kd3 Bf6 35. h3 f4 36. h4 h6 37. b4 a6 38. b5 axb5 39. axb5 b6 40. Kc3 Bh8 41. Kd3 Bg7 42. Kc3 Bf6 43. Kd3 g5 44. hxg5 hxg5 45. Nd2 Bxd4 46. Nf3 Bf6 47. Nd2 Bd8 48. Ne4 Be7 49. g3 fxg3 50. Nxg3 Kc5 51. Nf5 Bf6 52. Kc2 Kxb5 53. Kb3 Kc5 54. Ng3 Kd5 55. Kb4 Bd4 56. Kb5 Bc5 57. Nh5 Ke4 58. Kc4 g4 0-1

[Event "Bratto op-A 28th"]
[Site "Bratto"]
[Date "2008.08.25"]
[Round "4"]
[White "Di Fonzo, Valerio"]
[Black "Garano, Nicola"]
[Result "1/2-1/2"]
[WhiteElo "2212"]
[BlackElo "2265"]
[PlyCount "115"]
[EventDate "2008.08.22"]
[EventType "swiss"]
[EventRounds "9"]
[EventCountry "ITA"]
[SourceTitle "CBM 126 Extra"]
[Source "ChessBase"]
[SourceDate "2008.11.05"]
[SourceVersion "1"]
[SourceVersionDate "2008.11.05"]
[SourceQuality "1"]

1. e4 c5 2. Nf3 Nc6 3. d4 cxd4 4. Nxd4 Nf6 5. Nc3 e5 6. Ndb5 d6 7. Bg5 a6 8. Na3 b5 9. Nd5 Be7 10. Bxf6 Bxf6 11. c3 0-0 12. Nc2 Rb8 13. Be2 Bg5 14. 0-0 f5 15. Bf3 g6 16. Ncb4 Bb7 17. Nxc6 Bxc6 18. a3 Kh8 19. Qd3 Bb7 20. Rad1 Bxd5 21. Qxd5 Be7 22. Rd3 Qc8 23. b3 Rb6 24. Rfd1 f4 25. h3 h5 26. c4 Rc6 27. Rc3 Rc5 28. Qd3 Qc6 29. cxb5 axb5 30. Rxc5 Qxc5 31. b4 Qc4 32. Qxc4 bxc4 33. Rc1 Rc8 34. Rc3 Bd8 35. Be2 Bb6 36. Bxc4 Bd4 37. Rc2 Ra8 38. Ra2 Rc8 39. Bd5 Rc1+ 40. Kh2 g5 41. g4 h4 42. Kg2 Rc3 43. f3 Rc1 44. a4 Rg1+ 45. Kh2 Rg3 46. a5 Bg1+ 47. Kh1 Ba7 48. a6 Rxh3+ 49. Kg2 Rg3+ 50. Kh2 Bg1+ 51. Kh1 Ba7 52. Ra3 Rg1+ 53. Kh2 Rb1 54. Rc3 Rb2+ 55. Kh1 Rb1+ 56. Kg2 Rb2+ 57. Kh1 Rb1+ 58. Kh2 1/2-1/2

[Event "Bratto op-A 28th"]
[Site "Bratto"]
[Date "2008.08.22"]
[Round "1"]
[White "Angelini, Marco"]
[Black "Di Fonzo, Valerio"]
[Result "0-1"]
[WhiteElo "1987"]
[BlackElo "2212"]
[PlyCount "80"]
[EventDate "2008.08.22"]
[EventType "swiss"]
[EventRounds "9"]
[EventCountry "ITA"]
[SourceTitle "CBM 126 Extra"]
[Source "ChessBase"]
[SourceDate "2008.11.05"]
[SourceVersion "1"]
[SourceVersionDate "2008.11.05"]
[SourceQuality "1"]

1. e4 e5 2. Nf3 Nc6 3. Bb5 a6 4. Ba4 Nf6 5. 0-0 Nxe4 6. Re1 Nc5 7. Bxc6 dxc6 8. d4 Ne6 9. dxe5 Qxd1 10. Rxd1 Be7 11. Be3 Bd7 12. Nc3 0-0-0 13. Ne4 h6 14. Rd2 c5 15. Rad1 Bc6 16. Ng3 Rxd2 17. Rxd2 Rd8 18. Kf1 Bf8 19. Rxd8+ Kxd8 20. Nd2 Nd4 21. Nb3 Nxc2 22. Bxc5 Bxc5 23. Nxc5 b6 24. Nb3 g6 25. Ne2 Bb5 26. Nbc1 Kd7 27. f4 Ne3+ 28. Kf2 Nd1+ 29. Kf3 Bc6+ 30. Kg3 Nxb2 31. Nd4 Be4 32. Nce2 c5 33. Nc3 Bxg2 34. Kxg2 cxd4 35. Ne4 d3 36. Kf2 Nd1+ 37. Kf3 Ke6 38. h4 a5 39. a3 Nb2 40. Nd2 Kd5 0-1

[Event "ITA-chT"]
[Site "Arvier"]
[Date "2008.05.03"]
[Round "5.5"]
[White "Cecconi, Giovanni Alberto"]
[Black "Di Fonzo, Valerio"]
[Result "0-1"]
[WhiteElo "2206"]
[BlackElo "2212"]
[PlyCount "108"]
[EventDate "2008.05.01"]
[EventType "team"]
[EventRounds "7"]
[EventCountry "ITA"]
[SourceTitle "CBM 124 Extra"]
[Source "ChessBase"]
[SourceDate "2008.07.03"]
[SourceVersion "1"]
[SourceVersionDate "2008.07.03"]
[SourceQuality "1"]

1. g3 e5 2. Bg2 Nc6 3. d3 d5 4. Nd2 Nf6 5. e4 dxe4 6. dxe4 Bc5 7. Ngf3 0-0 8. 0-0 Be6 9. c3 Qd3 10. Ne1 Qd7 11. Qe2 a5 12. Qb5 Ba7 13. Nef3 Rfe8 14. Ng5 Bg4 15. h3 Nd4 16. Qxd7 Ne2+ 17. Kh2 Bxd7 18. Ngf3 Bb5 19. c4 Bc6 20. Nh4 a4 21. Re1 Nxc1 22. Raxc1 Bxf2 23. Re2 Bc5 24. Rf1 Nd7 25. Nf5 Nf8 26. Nf3 f6 27. h4 Ne6 28. h5 h6 29. Nd2 Red8 30. Nb1 Be8 31. Bf3 Rd3 32. Bg4 Bf7 33. Nc3 c6 34. Kg2 Ng5 35. Rd1 Rxd1 36. Nxd1 Rd8 37. Nc3 Bxc4 38. Rc2 Bd3 39. Rc1 a3 40. bxa3 Bxa3 41. Rd1 Bxe4+ 42. Nxe4 Rxd1 43. Nxf6+ Kf7 44. Bxd1 Kxf6 45. Ne3 b5 46. Bb3 Bc5 47. Nc2 e4 48. a4 Bb6 49. Nb4 e3 50. Kf1 Ne4 51. axb5 Nd2+ 52. Ke2 Nxb3 53. bxc6 Nd4+ 54. Ke1 Ke5 0-1

[Event "Bratto op 26th"]
[Site "Bratto"]
[Date "2006.08.27"]
[Round "9"]
[White "Lanzani, Mario"]
[Black "Di Fonzo, Valerio"]
[Result "1-0"]
[WhiteElo "2331"]
[BlackElo "2202"]
[PlyCount "87"]
[EventDate "2006.08.19"]
[EventType "swiss"]
[EventRounds "9"]
[EventCountry "ITA"]
[SourceTitle "CBM 113 Extra"]
[Source "ChessBase"]
[SourceDate "2006.09.14"]
[SourceVersion "1"]
[SourceVersionDate "2006.09.14"]
[SourceQuality "1"]

1. e4 Nc6 2. d4 e5 3. d5 Nce7 4. Nf3 Ng6 5. h4 h5 6. Bg5 Nf6 7. g3 Be7 8. Nc3 d6 9. Bb5+ Nd7 10. Be2 Bxg5 11. Nxg5 Nf6 12. Qd2 Bd7 13. a4 a6 14. a5 Qe7 15. f3 Rd8 16. Qe3 Nh7 17. f4 Nf6 18. f5 Nf8 19. 0-0 Bc8 20. b4 N8d7 21. Na4 Ng4 22. Bxg4 hxg4 23. c4 Nf6 24. b5 0-0 25. bxa6 bxa6 26. c5 g6 27. fxg6 fxg6 28. c6 Nh5 29. Rxf8+ Rxf8 30. Rf1 Rxf1+ 31. Kxf1 Qf8+ 32. Kg1 Ng7 33. Qf2 Qxf2+ 34. Kxf2 Ne8 35. Nb6 cxb6 36. axb6 Nf6 37. b7 Bxb7 38. cxb7 Nd7 39. Ne6 a5 40. Ke2 a4 41. Kd2 a3 42. Kc2 Kf7 43. Nd8+ Ke8 44. Nc6 1-0

[Event "Bratto op 26th"]
[Site "Bratto"]
[Date "2006.08.26"]
[Round "8"]
[White "Di Fonzo, Valerio"]
[Black "Ferretti, Folco"]
[Result "1/2-1/2"]
[WhiteElo "2202"]
[BlackElo "2254"]
[PlyCount "52"]
[EventDate "2006.08.19"]
[EventType "swiss"]
[EventRounds "9"]
[EventCountry "ITA"]
[SourceTitle "CBM 113 Extra"]
[Source "ChessBase"]
[SourceDate "2006.09.14"]
[SourceVersion "1"]
[SourceVersionDate "2006.09.14"]
[SourceQuality "1"]

1. e4 e5 2. Nf3 d6 3. d4 Qe7 4. Nc3 c6 5. Be2 Nf6 6. dxe5 dxe5 7. 0-0 Bg4 8. Be3 Qc7 9. Nd2 Bxe2 10. Qxe2 Nbd7 11. Rfd1 Be7 12. f3 Nc5 13. Qf2 Ne6 14. Ne2 0-0 15. g3 Rfd8 16. Nf1 c5 17. c4 Nd4 18. Nc3 Rd7 19. Rdc1 Rf8 20. Qg2 Qd8 21. Nd5 Nxd5 22. cxd5 f5 23. Nd2 fxe4 24. fxe4 Bg5 25. Bxd4 cxd4 26. Rf1 Be3+ 1/2-1/2

[Event "Bratto op 26th"]
[Site "Bratto"]
[Date "2006.08.23"]
[Round "5"]
[White "Vezzosi, Paolo"]
[Black "Di Fonzo, Valerio"]
[Result "1/2-1/2"]
[WhiteElo "2356"]
[BlackElo "2202"]
[PlyCount "124"]
[EventDate "2006.08.19"]
[EventType "swiss"]
[EventRounds "9"]
[EventCountry "ITA"]
[SourceTitle "CBM 113 Extra"]
[Source "ChessBase"]
[SourceDate "2006.09.14"]
[SourceVersion "1"]
[SourceVersionDate "2006.09.14"]
[SourceQuality "1"]

1. d4 Nf6 2. Nf3 g6 3. Bg5 Bg7 4. Nbd2 0-0 5. e4 d6 6. c3 Qe8 7. Bc4 e5 8. dxe5 dxe5 9. 0-0 h6 10. Bxf6 Bxf6 11. b4 Nc6 12. Qb3 Nd8 13. Rfd1 Ne6 14. Nf1 Nf4 15. Ne3 Kg7 16. Qc2 Bd7 17. Rd2 Rd8 18. Rad1 Qe7 19. h3 Bc8 20. Kh2 Rxd2 21. Rxd2 Rd8 22. Bf1 Rxd2 23. Nxd2 Qd7 24. Ng4 h5 25. Nxf6 Kxf6 26. Nc4 Qe6 27. Ne3 Qd7 28. h4 Kg7 29. g3 Ne6 30. Bh3 Qd8 31. Nc4 f6 32. Kg1 b6 33. Ne3 Nf8 34. Bxc8 Qxc8 35. Qd3 Qd7 36. Qxd7+ Nxd7 37. Nd5 c5 38. Kf1 Kf7 39. Ke2 cxb4 40. cxb4 Ke6 41. Nc7+ Ke7 42. Kd3 g5 43. Kc4 gxh4 44. gxh4 Nf8 45. Nd5+ Ke6 46. Ne3 Ng6 47. Nf5 a6 48. a4 Kd7 49. a5 bxa5 50. bxa5 Kc6 51. Ng7 Nxh4 52. Nxh5 f5 53. Nf6 fxe4 54. Nxe4 Nf5 55. Nc5 Nd6+ 56. Kb4 Nf5 57. Nxa6 e4 58. Nc5 e3 59. f4 e2 60. Nd3 Ne3 61. Kc3 Nd5+ 62. Kd2 Nxf4 1/2-1/2

[Event "Bratto op 26th"]
[Site "Bratto"]
[Date "2006.08.22"]
[Round "4"]
[White "Di Fonzo, Valerio"]
[Black "Costantini, Roberto"]
[Result "1-0"]
[WhiteElo "2202"]
[BlackElo "2293"]
[PlyCount "93"]
[EventDate "2006.08.19"]
[EventType "swiss"]
[EventRounds "9"]
[EventCountry "ITA"]
[SourceTitle "CBM 113 Extra"]
[Source "ChessBase"]
[SourceDate "2006.09.14"]
[SourceVersion "1"]
[SourceVersionDate "2006.09.14"]
[SourceQuality "1"]

1. e4 c5 2. Nf3 d6 3. d4 cxd4 4. Nxd4 Nf6 5. Nc3 a6 6. Be2 e5 7. Nb3 Be7 8. 0-0 0-0 9. Be3 Be6 10. Qd2 Nbd7 11. a4 Rc8 12. a5 Qc7 13. Rfd1 Rfd8 14. Qe1 h6 15. Rd2 Bf8 16. Qd1 Nc5 17. Nxc5 dxc5 18. Nd5 Bxd5 19. exd5 Ne4 20. Rd3 f5 21. c4 Nd6 22. Rc3 g5 23. f3 Bg7 24. Rc2 e4 25. f4 gxf4 26. Bxf4 Bd4+ 27. Kh1 Qg7 28. Ra3 e3 29. Bxe3 Ne4 30. Bxd4 cxd4 31. Bd3 Kh8 32. Qh5 Rf8 33. Bf1 Nf6 34. Qf3 Ng4 35. Rb3 Ne3 36. Rc1 Rfd8 37. d6 Rxd6 38. Rxb7 Qe5 39. Bd3 Rg8 40. Rg1 Rdg6 41. Rb6 Qxa5 42. Rxg6 Rxg6 43. Qf4 Qb6 44. Qe5+ Rg7 45. Bxf5 Nxc4 46. Qe8+ Rg8 47. Qf7 1-0

[Event "Milan Vedior Trophy"]
[Site "Milan"]
[Date "2003.05.03"]
[Round "8"]
[White "Di Fonzo, Valerio"]
[Black "Astengo, Corrado"]
[Result "1/2-1/2"]
[WhiteElo "2223"]
[BlackElo "2165"]
[PlyCount "21"]
[EventDate "2003.04.26"]
[EventType "tourn"]
[EventRounds "9"]
[EventCountry "ITA"]
[EventCategory "2"]
[SourceTitle "EXT 2004"]
[Source "ChessBase"]
[SourceDate "2003.11.25"]
[SourceVersion "1"]
[SourceVersionDate "2003.11.25"]
[SourceQuality "1"]

1. e4 e5 2. f4 exf4 3. Bc4 Nf6 4. Nc3 Be7 5. Nf3 c6 6. d4 d5 7. exd5 cxd5 8. Bb5+ Bd7 9. Bxd7+ Nbxd7 10. Bxf4 0-0 11. 0-0 1/2-1/2

[Event "Bratto op 21st"]
[Site "Bratto"]
[Date "2001.08.27"]
[Round "6"]
[White "Foisor, Ovidiu Doru"]
[Black "Di Fonzo, Valerio"]
[Result "1-0"]
[WhiteElo "2400"]
[BlackElo "2223"]
[PlyCount "69"]
[EventDate "2001.08.22"]
[EventType "swiss"]
[EventRounds "9"]
[EventCountry "ITA"]
[SourceTitle "EXT 2002"]
[Source "ChessBase"]
[SourceDate "2001.11.25"]
[SourceVersion "1"]
[SourceVersionDate "2001.11.25"]
[SourceQuality "1"]

1. Nf3 Nf6 2. g3 g6 3. b3 Bg7 4. Bb2 0-0 5. Bg2 d5 6. c4 c6 7. 0-0 a5 8. d3 Na6 9. Nbd2 a4 10. Qc1 axb3 11. axb3 Bd7 12. Bc3 Qc8 13. Re1 Bh3 14. Bh1 h6 15. Qb2 Qf5 16. b4 Nc7 17. Ra5 b6 18. Raa1 b5 19. Be5 Qd7 20. Nd4 Ne6 21. cxb5 cxb5 22. N2b3 Nxd4 23. Qxd4 Qg4 24. Ra5 Qxd4 25. Bxd4 Rxa5 26. bxa5 Be6 27. Rc1 Nd7 28. Rc7 Ra8 29. f4 Ra6 30. Bxg7 Kxg7 31. Rb7 Bg4 32. Kf2 f6 33. Rxb5 Be6 34. Bf3 Bf7 35. Rb7 1-0